000 00793nam a22002175i 4500
001 167891
003 ES-MaACL
005 20230906213623.0
008 021018s1896 fr |||| | fre d
040 _aCCPB | B
_bspa
_cCCPB | B
100 1 _aWeill, Léopold.
_9133895
245 1 2 _aL'or
_b: propriétés physiques ... dosage /
_cLéopold Weill ; introduction de U. Le Verrier.
260 _aParis :
_bLibrairie J.-B. Baillière et fils,
_c1896 (
_eChartres :
_fImp. Durand)
300 _a420 p. ;
_c19 cm.
490 1 _aEncyclopédie de chimie industrielle & métallurgie
650 4 _aOro.
_9136638
700 1 1 _aLe Verrier, U.
_9128797
830 0 _aEncyclopédie de chimie industrielle & métallurgie
_9222663
852 _aES-MaACL
_jD-1583
_z-- Enc. tela
999 _c167891
_d167891